000 00556nam a22002297a 4500
003 UA-OsUOA
001 48708
007 ta
008 20070911b un ||||| |||| 00| 0 ukr d
100 _aЄфремов С.
090 _a94(477)
_bЕ92
942 _cBK
040 _aUA-OsUOA
_bukr
_cUA-OsUOA
_dUA-OsUOA
245 _aЩоденники
300 _a834 с.
955 _a3
041 _aukr
080 _a94(477)
260 _aК.
_bРада
_c1997
650 7 _a9 Географія. Біографії. Історія
_2UDC
999 _c334814
_d334814